000 00746nam a2200289Ia 4500
005 20260324130826.0
008 008 260324s9999 xx 000 0 eng d
020 _a9780203051887
037 _aEBOOK
040 _aCRL
040 _beng
040 _cCRL
041 _2eng
041 _aeng
084 _qCRL
100 _aJoan S. Mitchell; Diane Vizine-Goetz
_91183224
245 0 _aMoving Beyond the Presentation Layer
245 0 _bContent and Context in the Dewey Decimal Classification (DDC) System
260 _bTaylor and Francis
260 _c2007
365 _a
365 _b145
856 _uhttp://www.taylorfrancis.com/books/9780203051887
942 _cEBOOK
999 _c1779768
_d1779768